[Event "Hoersching op 3rd"]
[Site "Hoersching"]
[Date "2015.09.06"]
[Round "7"]
[White "Kopa, Rudolf"]
[Black "Wadsack, Thomas"]
[Result "1/2-1/2"]
[WhiteElo "1792"]
[BlackElo "1745"]
[PlyCount "48"]
[EventDate "2015.08.31"]
[EventType "swiss"]
[EventRounds "7"]
[EventCountry "AUT"]
[SourceTitle "EXT 2016"]
[Source "ChessBase"]
[SourceDate "2015.10.08"]
[SourceVersion "1"]
[SourceVersionDate "2015.10.08"]
[SourceQuality "1"]

1. Nf3 d5 2. d4 Nf6 3. c4 dxc4 4. Nc3 Bg4 5. e3 e6 6. Bxc4 a6 7. a3 Nc6 8. h3 Bxf3 9. Qxf3 Bd6 10. b4 0-0 11. Bb2 Rb8 12. 0-0 e5 13. Ne4 Nxe4 14. Qxe4 exd4 15. exd4 Qf6 16. Rad1 Rfe8 17. Qc2 Qf4 18. g3 Qf3 19. Qd3 Qh5 20. Kg2 Rbd8 21. Qf3 Qxf3+ 22. Kxf3 Re7 23. Rfe1 Rxe1 24. Rxe1 Kf8 1/2-1/2

[Event "Hoersching op 2nd"]
[Site "Hoersching"]
[Date "2014.08.28"]
[Round "6"]
[White "Capco, Jose"]
[Black "Kopa, Rudolf"]
[Result "1-0"]
[WhiteElo "2050"]
[BlackElo "1628"]
[PlyCount "52"]
[EventDate "2014.08.23"]
[EventType "swiss"]
[EventRounds "9"]
[EventCountry "AUT"]
[SourceTitle "EXT 2015"]
[Source "ChessBase"]
[SourceDate "2014.11.20"]
[SourceVersion "1"]
[SourceVersionDate "2014.11.20"]
[SourceQuality "1"]

1. d4 d6 2. Bf4 Nf6 3. Nf3 c6 4. c4 Bf5 5. Nc3 h6 6. e3 g5 7. Bg3 Qa5 8. Bd3 Bxd3 9. Qxd3 Nbd7 10. 0-0 Bg7 11. a3 Nh5 12. b4 Qd8 13. Rac1 0-0 14. e4 e5 15. d5 c5 16. Rcd1 Nf4 17. Qc2 b6 18. Qe2 Re8 19. Rfe1 Bf8 20. Nd2 Nf6 21. bxc5 bxc5 22. Bxf4 exf4 23. Nf3 Ng4 24. h3 Nf6 25. Rb1 Qd7 26. Rb5 Reb8 1-0